=LDR 00000nam 2200000 4500 =001 INLIS000000000021759 =005 20130612120603 =008 ***********************************Ind** =035 ##$$0010-061300000021759 =041 ##$$a Ind =082 ##$$a 615.882 =090 ##$$a 615.882, Klo p =100 ##$$a Ploppenburgh-Versteegh, J =245 ##$$a Petunjuk dan saran pengobatan tradisional dengan tumbuhan berkhasiat indonesia vol.II, J. Kloppenburgh-Versteegh ; alih bahasa, oleh J. Geogiri =260 ##$$a 2006 $b Bogor =300 ##$$a viii, 201 hlm, ilus, 24 cm =650 ##$$a Obat tradisional =850 ##$$a NBPNMAT